meiste Champions League Tore von Spielern - Statistiken

Allgemein
  • Dieses Quiz wurde 570 mal gespielt
  • Das Durchschnittsergebnis liegt bei 10 aus 19
Antwortstatistiken
Goals Players % Korrekt
129 Messi
100%
140 Ronaldo
100%
91 Lewandowski
93%
89 Benzema
84%
53 Müller
81%
43 Neymar
74%
40 Mbappe
73%
48 Ibrahimovic
64%
71 Raul
55%
50 Henry
47%
44 Salah
40%
56 van Nistelrooy
39%
44 Drogba
37%
41 Agüero
35%
46 Inzaghi
25%
48 Shevchenko
20%
42 del Piero
19%
49 di Stefano
8%
46 Eusebio
7%
Keine übereinstimmenden Quizze gefunden
Verteilung der Resultate
Anzahl Personen mit jedem Resultat
Perzentil nach korrekt beantworteten Fragen
Ihre Resultats-Entwicklung
Sie haben dieses Quiz noch nicht gespielt